| 000 | 01067nam a22002057a 4500 | ||
|---|---|---|---|
| 005 | 20251106091755.0 | ||
| 008 | 251105b |||||||| |||| 00| 0 eng d | ||
| 020 | _a9789387791466 | ||
| 040 | _cAL | ||
| 041 | _aEnglish | ||
| 082 |
_a070.172 _bNAMH |
||
| 100 |
_aSuresh Nambath _9244176 |
||
| 245 | _aHindu book of editorials 2018 | ||
| 260 |
_aChennai _bTHG Publishing private Limited _c2023 |
||
| 300 |
_a335 p. _bPB _c21x14 cm. |
||
| 365 |
_a695-2025/26 _b₹200.00 _c₹ _d₹250.00 _e20% _f07-10-2025 |
||
| 440 |
_aThe Hindu Series _9244035 |
||
| 520 | _a* A selection of editorials that were published in The Hindu in 2018, from the editorial pages of the newspaper. * The editorials cover a variety of topics ranging from politics, governance and civil society, to media, health and education. * This book is invaluable for its aggregation of editorial commentary of some of the key events of the year that have continuing relevance. * Segregated topic-wise for ease of reading, The Hindu Book of Editorials is a bookshelf essential. | ||
| 942 |
_2ddc _cBK |
||
| 999 |
_c240670 _d240670 |
||